| 000 | 00756nam a2200217Ia 4500 | ||
|---|---|---|---|
| 005 | 20240530110949.0 | ||
| 008 | 140319s2021 ua a g 000 0 ara d | ||
| 017 | _bمصر. دار الكتب | ||
| 020 | _a9789948258193 | ||
| 040 |
_aGCL / _cGCL |
||
| 082 | 0 | 4 |
_221 _a378.19 _bأ م |
| 100 | 0 | _aاحمد عزت | |
| 245 | 1 | 0 |
_aمهارات التعلم : _bمفاهيم واستراتيجيات / _cاحمد عزت |
| 250 | _aط. 1 | ||
| 260 |
_aالقاهرة : _bالشقرى للنشر والخدمات الجامعية المتطورة، _c2021. |
||
| 300 |
_a399 ص. : _bايض ؛ _c24 سم. |
||
| 650 | 0 | 7 | _aالتعلم |
| 650 | 0 | 7 | _aالتعليم الالكترونى |
| 942 |
_2ddc _cBK |
||
| 999 |
_c66972 _d66972 |
||